| 000 | 00472nam a22001097a 4500 | ||
|---|---|---|---|
| 008 | 150622b xxu||||| |||| 00| 0 eng d | ||
| 010 | _8HCCRSF:007 | ||
| 245 | _aHIGH COURT CRIMINAL SESSION NO. 33 OF 1970 Uganda Vs Baziliyo Kyeyune | ||
| 260 | _aHigh Court Kampala | ||
| 500 | _3(Original criminal case no.A.57 of 1969 of the Chief Magistrate's Court of Buganda at Mengo Before-His Worship M.Ssendegeya Esq.,Mag.Gr.1.) | ||
| 500 | _3BEFORE:The Honourable Mr.Justice L.P.Saldamha | ||
| 999 |
_c6565 _d6565 |
||